000 00626nam a2200205Ii 4500
003 JO-AjNU
008 230605s9999||||xx |||||||||||||| ||und||
040 _aJO-AjNU
_bara
_erda
_cJO-AjNU
041 _aara
050 1 4 _aTK7867.D8564 1993
100 3 _aالضمور، عصمت ,
_eauthor
_913852
245 0 0 _aالثايرستور نظرية وتطبيق
250 _aط1
264 3 1 _aعمان: الجمعية العلمية الملكيه
300 _a106ص
336 _atext
_btxt
_2rdacontent
337 _aunmediated
_bn
_2rdamedia
338 _avolume
_bnc
_2rdacarrier
650 4 _aالثايرستور
_913853
999 _aA3555
_c7123
_d7123